ARRUPE JESUIT UNIVERSITY

CORONAVIRUS -STOP THE SPREAD - CLEAN,DISINFECT,COVER

The insects (Record no. 129834)

MARC details
000 -LEADER
fixed length control field 00364nam a22001337a 4500
008 - FIXED-LENGTH DATA ELEMENTS--GENERAL INFORMATION
fixed length control field 190918b ||||| |||| 00| 0 eng d
050 ## - LIBRARY OF CONGRESS CALL NUMBER
Classification number L OL467.F359 1962
100 ## - MAIN ENTRY--PERSONAL NAME
Personal name Farb, Peter
9 (RLIN) 48136
245 ## - TITLE STATEMENT
Title The insects
260 ## - PUBLICATION, DISTRIBUTION, ETC. (IMPRINT)
Place of publication, distribution, etc New York
Name of publisher, distributor, etc Time INC (NY)
Date of publication, distribution, etc 1962
300 ## - PHYSICAL DESCRIPTION
Extent 191p.
700 ## - ADDED ENTRY--PERSONAL NAME
Personal name Peter Farb and the editors of life
9 (RLIN) 48137
942 ## - ADDED ENTRY ELEMENTS (KOHA)
Source of classification or shelving scheme Library of Congress Classification
Item type Monograph ( Printed materials)
Holdings
Withdrawn status Lost status Source of classification or shelving scheme Damaged status Not for loan Home library Current library Date acquired Total Checkouts Full call number Barcode Date last seen Price effective from Koha item type
    Library of Congress Classification     ARRUPE LIBRARY ARRUPE LIBRARY 18/09/2019   L QL467.F359 1962 46003040975 18/09/2019 18/09/2019 Monograph ( Printed materials)

 

Arrupe Library. PO Box MP320 Mt Pleasant, Harare, Zimbabwe
263 242 745411|librarian@aju.ac.zw